Guess the Fusion Rock Song Lyrics #87 - Statistics

General Stats
  • This quiz has been taken 12 times
  • The average score is 80 of 153
Answer Stats
Answer % Correct
a
100%
and
100%
be
100%
go
100%
I
100%
in
100%
on
100%
the
100%
to
100%
my
90%
of
90%
we
90%
you
90%
I've
80%
see
80%
from
70%
got
70%
Loggins and Messina
70%
Up
70%
mind
60%
we'll
60%
wind
60%
ocean
50%
our
50%
sailing
50%
sea
50%
sky
50%
thing
50%
eyes
40%
half
40%
let
40%
us
40%
close
30%
clouds
30%
time
30%
together
30%
breeze
20%
face
20%
ships
20%
star
20%
among
10%
bring
10%
come
10%
forever
10%
keeping
10%
kite
10%
miles
10%
string
10%
Summer
10%
Tomorrow
10%
watching
10%
below
0%
bound
0%
brings
0%
Children
0%
earth
0%
gentle
0%
lady's
0%
lines
0%
morning
0%
sad
0%
September
0%
Somewhere
0%
soul
0%
summon
0%
Sunday
0%
Swaying
0%
travelin
0%
Tugging
0%
No matching quizzes found
Score Distribution
Percent of People with Each Score
Percentile by Number Answered
Your Score History
You have not taken this quiz